<?xml version="1.0" encoding="UTF-8"?>
<marc:record xmlns:marc="http://www.loc.gov/MARC21/slim">
   <marc:leader>00000nam a2200000 a 4500</marc:leader>
   <marc:datafield ind1="1" ind2=" " tag="100">
      <marc:subfield code="a">Jones, Rob Lloyd</marc:subfield>
      <marc:subfield code="4">aut</marc:subfield>
      <marc:subfield code="e">Verfasser/-in</marc:subfield>
   </marc:datafield>
   <marc:datafield ind1="0" ind2="0" tag="245">
      <marc:subfield code="a">Jake Turner und das Grab der Smaragdschlange</marc:subfield>
   </marc:datafield>
   <marc:datafield ind1="0" ind2="0" tag="245">
      <marc:subfield code="c">Rob Lloyd Jones ; aus dem Englischen von Birgit Niehaus</marc:subfield>
   </marc:datafield>
   <marc:datafield ind1=" " ind2="1" tag="264">
      <marc:subfield code="a">München</marc:subfield>
      <marc:subfield code="b">dtv</marc:subfield>
      <marc:subfield code="c">2020</marc:subfield>
   </marc:datafield>
   <marc:datafield ind1="1" ind2=" " tag="520">
      <marc:subfield code="a">Eigentlich sollte es nur ein entspannter Familienurlaub werden. Doch schon in der ersten Nacht in Kairo verschwinden Jakes Eltern spurlos. Widerwillig raufen er und seine Zwillingsschwester sich zusammen, um sie wiederzufinden. Eine erste Spur führt sie in einen Laden, wo zwischen Plastikpyramiden und Pharaonenmasken auch hypermoderne holografische Geräte zu finden sind. Tatsächlich ist dies alles andere als ein Souvenirshop und der Besitzer hat durchaus eine Ahnung, wo Jakes Eltern stecken könnten. Schon bald sind die Geschwister, ausgestattet mit allerlei Gadgets wie einer Smartbrille, einem Bungeeseil und einem Zwei-Wege-Mikro, auf dem Weg ins Innerste der Cheopspyramide, um eine alte Mumie zu finden, gegen die sie ihre Eltern einlösen können.</marc:subfield>
   </marc:datafield>
   <marc:datafield ind1=" " ind2=" " tag="020">
      <marc:subfield code="a">9783423718752</marc:subfield>
      <marc:subfield code="9">9783423718752</marc:subfield>
   </marc:datafield>
   <marc:datafield ind1=" " ind2=" " tag="020">
      <marc:subfield code="a">3423718757</marc:subfield>
      <marc:subfield code="9">3423718757</marc:subfield>
   </marc:datafield>
   <marc:datafield ind1=" " ind2=" " tag="041">
      <marc:subfield code="a">ger</marc:subfield>
   </marc:datafield>
   <marc:datafield ind1=" " ind2=" " tag="300">
      <marc:subfield code="a">350 Seiten</marc:subfield>
   </marc:datafield>
</marc:record>
